000
00270cam a22000977a 4500
008
180718b1967 xxu||||| |||| 00| 0 eng d
082
_a
L8x42 Un3gl
245
_a
Glossary of management techniques
260
_a
London
_b
Her Majesty's Stationery Office
_c
1967
300
_a
26p.
999
_c
500631
_d
500631